000
00236nam a22000977a 4500
999
_c
264747
_d
264746
020
_a
9780689851865
100
_a
Andrew Clements
245
_a
The School Story
260
_a
New York
_b
Atheneum Books for Young Readers
_c
2001
942
_c
BK